000 00568nam a2200181Ia 4500
008 240729s9999 xx 000 0 und d
022 _a2013-7087
245 0 _aJournal of Accessibility and Design for All
260 _aSpain
260 _bUniversitat Politècnica de Catalunya
650 _a Building construction
650 _a Engineering (General). Civil engineering (General)
650 _a Engineering design | Technology
650 _aTechnology
856 _uhttps://doaj.org/toc/adf6b887dd9c406d8391008e3077a608
942 _2ddc
942 _cDOAJEJ
999 _c72848
_d72848
945 _a1
_bMadushi Gamage
_c1
_dMadushi Gamage